000 00734nam a2200205 a 4500
005 20220520113307.0
008 991125s1972 mx 000 0 spa u
035 _aUPN01000027762
049 _aLT
050 4 _aLB1642 M6.3
_bC3.4
100 1 _aCárabes Pedroza, J. Jesús
_928652
245 1 0 _aHistoria activa de México /
_cJ. Jesús Cárabes Pedroza, Gregorio Torres Navarro, José Flores García.
260 _aMéxico :
_bProgreso,
_c1972.
300 _a284 p.
500 _a"Texto preparado de acuerdo con los programas oficiales"
651 4 _aMéxico
_xHistoria
_xEstudio y enseñanza (Secundaria)
_99913
700 1 _aTorres Navarro, Gregorio,
_ecoaut.
700 1 _aFlores García, José,
_ecoaut.
_936386
905 _aLibro
999 _c27762
_d27762